Kraje Świata które zaczynają się na B (Mapa) - Statystyki

Ogólne statystyki
  • Ten quiz został rozwiązany 69 razy
    57 od ostatniego zresetowania
  • Średni wynik to 11 z 17
Odpowiedzi na mapie
Odpowiedzi zakodowano w zielono-czerwonej skali na mapie do tego quizu, zgodnie z poniższymi procentami.
 
Statystyki odpowiedzi
Odpowiedź % Poprawnych
Belgia
92%
Brazylia
84%
Bangladesz
71%
Boliwia
71%
Bośnia i Hercegowina
69%
Benin
67%
Białoruś
67%
Botswana
67%
Bułgaria
67%
Burkina Faso
67%
Bahamy
63%
Bhutan
59%
Belize
57%
Bahrajn
51%
Brunei
51%
Burundi
51%
Barbados
39%
Nie znaleziono quizów pasujących do podanych kryteriów
Rozkład punktacji
Procent ludzi z każdym wynikiem
Percentyl według liczby udzielonych odpowiedzi
Twoja historia wyników
Nie rozwiązałeś tego quizu od ostatniego zresetowania